Statistics for All Walt Disney World Rides

Click here to take the quiz!

General Stats

  • This quiz has been taken 1,567 times
    (1,057 since last reset)
  • The average score is 30 of 48

Answer Stats

LandRide% Correct
TomorrowlandSpace Mountain
89%
FrontierlandBig Thunder Mountain Railroad
80%
FantasylandPeter Pan's Flight
79%
AdventurelandPirates of the Caribbean
78%
Sunset BoulevardThe Twilight Zone Tower of Terror
78%
FantasylandIt's a Small World
77%
AsiaExpedition Everest: Legend of the Forbidden Mountain
73%
Liberty SquareHaunted Mansion
71%
World ShowcaseFrozen Ever After
70%
TomorrowlandBuzz Lightyear's Space Ranger Spin
69%
Sunset BoulevardRock 'n' Roller Coaster Starring Aerosmith
69%
World DiscoveryTest Track
69%
DinoLand U.S.A.Dinosaur
68%
FantasylandDumbo the Flying Elephant
68%
World NatureSoarin' Around the World
67%
TomorrowlandTomorrowland Transit Authority PeopleMover
67%
AfricaKilimanjaro Safaris
66%
Toy Story LandSlinky Dog Dash
66%
AdventurelandThe Jungle Cruise
65%
FantasylandPrince Charming Regal Carousel
64%
Pandora - The World of AvatarAvatar Flight of Passage
63%
AdventurelandMagic Carpets of Aladdin
63%
FantasylandSeven Dwarfs Mine Train
62%
Star Wars: Galaxy's EdgeStar Wars: Rise of the Resistance
62%
World DiscoveryGuardians of the Galaxy: Cosmic Rewind
61%
Star Wars: Galaxy's EdgeMillennium Falcon: Smuggler's Run
61%
Toy Story LandToy Story Mania!
60%
TomorrowlandTRON Lightcycle / Run
60%
World DiscoveryMission: Space
59%
FantasylandMad Tea Party
58%
World ShowcaseRemy's Ratatouille Adventure
58%
World CelebrationSpaceship Earth
57%
World NatureLiving with the Land
56%
FantasylandThe Many Adventures of Winnie the Pooh
56%
Echo LakeStar Tours - The Adventure Continues
55%
World NatureThe Seas with Nemo and Friends
55%
FantasylandUnder the Sea ~ Journey of the Little Mermaid
55%
Pandora - The World of AvatarNa'vi River Journey
51%
TomorrowlandCarousel of Progress
50%
AsiaKali River Rapids
50%
FantasylandThe Barnstormer
50%
TomorrowlandAstro Orbiter
49%
World CelebrationJourney into Imagination with Figment
49%
Hollywood BoulevardMickey and Minnie's Runaway Railway
49%
TomorrowlandTomorrowland Speedway
49%
World ShowcaseGran Fiesta Tour Starring The Three Caballeros
47%
DinoLand U.S.A.TriceraTop Spin
43%
Toy Story LandAlien Swirling Saucers
40%

Score Distribution

Percentile by Number Answered

Percent of People with Each Score

Your Score History

You have not taken this quiz since the last reset